| 000 | 00340 a2200109 4500 | ||
|---|---|---|---|
| 001 | ART_44988 | ||
| 005 | 20260410162039.0 | ||
| 008 | 260409a | ||
| 245 | 1 | 0 | _aHegemonía empresarial y estrategias de control sistémico |
| 100 | 1 | _aFigari, Claudia | |
| 773 | 0 |
_tEstudios del trabajo _g- Nº 46 (jul./dic. 2013) _wREV44896 |
|
| 999 |
_c34729 _d34729 |
||